E.R. - Name the episode #19 - Statistics

General Stats
  • This quiz has been taken 2 times
  • The average score is 2 of 15
Answer Stats
Hint Answer % Correct
Was in car crash with Doug The Storm
100%
Returned with Carlos Status Quo
50%
Left County The Peace of Wild Things
50%
Was almost fired to being HIV positive Ask Me No Questions, I'll Tell You No Lies
0%
Told Kerry she was HIV positive Don't Ask, Don't Tell
0%
Was left by Al again Freak Show
0%
Started going out with Reggie Getting to Know You
0%
Got Carlos custody and married Reggie Greene With Envy
0%
Learned she was HIV positive John Carter, MD
0%
Was hired to care for Peter's mother Long Day's Journey
0%
Reconciled with Al Make a Wish
0%
Helped Peter after his mother's death Motherhood
0%
Sang Green Day at Scott Anspaugh's funeral Shades of Grey
0%
Got divorced from Al The Secret Sharer
0%
Started working in Doug's pediatric unit Vanishing Act
0%
No matching quizzes found
Score Distribution
Percent of People with Each Score
Percentile by Number Answered
Your Score History
You have not taken this quiz